| 000 | 01162nam0a2200289 4500 | ||
|---|---|---|---|
| 001 | RU\NLR\BIBL_A\011412831 | ||
| 005 | 20170626125443.0 | ||
| 010 |
_a5-02-014608-0 _95000 |
||
| 035 | _a(NLR Aleph) 011412831 | ||
| 090 |
_a11566839 _c11566839 |
||
| 100 | _a20170622d1995 u y0rusy50 ca | ||
| 101 | 0 | _arus | |
| 102 | _aRU | ||
| 105 | _aa|||j|||000zy | ||
| 200 | 1 |
_aАлгебра для школьников _fД.К. Фадеев, М.С. Никулин, И.Ф. Соколовский |
|
| 210 |
_aМосква _cФизматлит _d1995 |
||
| 215 |
_a461, [1] с. _cил. _d22 |
||
| 606 |
_aАлгебра _jРуководства, пособия и т.п. для средней школы _2nlr_sh1 _2nlr_sh2 _3RU\NLR\AUTH\6619328 |
||
| 686 | 1 | _aВ151я72 | |
| 700 | 1 |
_aФадеев _bД. К. _f1907-1989 _gДмитрий Константинович |
|
| 701 | 1 |
_aНикулин _bМ. С. _gМихаил Степанович |
|
| 701 | 1 |
_aСоколовский _bИ. Ф. _gИгорь Фомич |
|
| 852 |
_aNLR _j95-5/1629 |
||
| 942 | _cBOOK | ||
| 980 | _aNB | ||